Vrai ou Faux : Mathématiques (1) - Statistiques

Statistiques générales
  • Ce quiz a été pris 111 fois
  • Le résultat moyen est 10 sur 20
Statistiques - réponses
Question Réponse % Correct
La somme de deux nombres impairs est un nombre impair Faux
77%
Le produit de deux nombres impairs est un nombre impair Vrai
77%
Chaque d'angle d'un hexagone régulier mesure 120° Vrai
58%
L'intersection des trois hauteurs d'un triangle s'appelle l'orthocentre Vrai
55%
n(n+1)(2n+1) est un multiple de 6 quelque soit n entier naturel Vrai
54%
Un nombre complexe et son conjugué ont le même module Vrai
54%
Toute fonction continue sur [0;1] à valeurs dans [0;1] admet un point fixe Vrai
52%
Si le produit de deux éléments de Z/6Z est nul alors au moins un des éléments est nul Faux
51%
Si deux événements sont indépendants alors leurs événements contraires sont aussi indépendants Vrai
50%
Une fonction continue définie sur ]0;+infini[ et de limite nulle en + infini est bornée. Faux
49%
Deux angles opposés par le sommet peuvent être supplémentaires Vrai
49%
Une fonction continue définie sur [0;+infini[ et de limite nulle en + infini est bornée. Vrai
44%
Si l'intégrale d'une fonction positive est nulle alors la fonction est la fonction nulle Faux
43%
Si une suite converge alors elle admet une unique valeur d'adhérence Vrai
43%
Toute application linéaire continue est uniformément continue Vrai
42%
Si une suite admet une unique valeur d'adhérence alors elle converge Faux
40%
Si l'intégrale d'une fonction continue vaut zéro alors la fonction est la fonction nulle Faux
40%
Un polynôme de degré 16 admet au moins une racine réelle Faux
38%
Si a_n est le terme général d'une série convergente alors la série de terme général (a_n)^2 est aussi convergente Faux
33%
Si le produit de deux fonctions est nul alors au moins l'une des fonctions est la fonction nulle Faux
26%
Aucun quiz correspondant
Distribution des résultats
% des personnes avec chaque résultat
Percentile par nombre de réponses
Votre historique - résultats
Vous n’avez pas pris ce quiz